000 00346nam a2200133Ia 4500
008 240624s9999 xx 000 0 und d
041 _aeng
082 _a658.8 HEY
100 _aHEYMAN JAY H
245 _aALL YOU NEED IS A GOOD IDEA
260 _c2008
_aNew Jersey
_bJohn Wiley and Sons
300 _axxix, : 236 : p. : cm. ; 23
365 _c
_b30
999 _c15121
_d15121